00913cam a22002535i 4500999001500000003000400015005001700019008004100036010001700077020001800094035002500112040002300137042000800160100002800168245006400196264003400260300004500294490002700339610005300366856006700419906004500486942001300531952011500544 c7362d7362OSt20260515062531.0210604s2021 sp 000 0 spa  a 2021359719 a9788418550331 a(SP-BaPL)pu210704188 aDLCbengcDLCerda apcc1 aToll, Gill93885d1963-13aEl Diluvio, la prensa y la Segunda República /cGil Toll. 1aBarcelona :bIcària,c2021. a358 pàgines :bil·lustracionsc22 cm.0 aIcaria Antrazyt ;v514 0aEl Diluvio (Diari)bHistòriaxHistòria9465542uhttp://www.puvill.com/toc/9788418550331.pdfzTable of contents a0bibccorigresd2encipf20gy-gencatlg 2udccMON 00104070aCDMRbCDMReDonacióg21.85l1m1oDu 9/60pCDMR21090004r2022-02-03s2021-12-23w2021-09-16yMON